Bankroty (konečně) přede dveřmi.

Novela zákona ČR o konkurze a vyrovnaní. Rozdiel medzi insolvenciou a nadmerným zadlžením podniku pri posudzovaní jeho úpadku. Nebezpečenstvo hromadných konkurzov pri plnej účinnosti zákona o bankrotoch. Rozdiely medzi konkurzom a vyrovnaním. Konkurz a veritelia. Charakteristika zmien zavedených nov...

Descripción completa

Guardado en:
Detalles Bibliográficos
Autor principal: Zoulík, F.
Formato: Capítulo de libro
Lenguaje:checo
Materias:
Etiquetas: Agregar Etiqueta
Sin Etiquetas, Sea el primero en etiquetar este registro!

MARC

LEADER 00000naa a2200000 4500
001 r012390
005 20220826093322.0
041 0 |a cze 
044 |a CZ 
245 1 0 |a Bankroty (konečně) přede dveřmi.  |c F. Zoulík 
520 |a Novela zákona ČR o konkurze a vyrovnaní. Rozdiel medzi insolvenciou a nadmerným zadlžením podniku pri posudzovaní jeho úpadku. Nebezpečenstvo hromadných konkurzov pri plnej účinnosti zákona o bankrotoch. Rozdiely medzi konkurzom a vyrovnaním. Konkurz a veritelia. Charakteristika zmien zavedených novelou. 
610 2 0 |a bankrot 
610 2 0 |a zákony 
610 2 0 |a Čechy 
610 2 0 |a konkurzy 
610 2 0 |a insolventnosť 
610 2 0 |a zadlženosť 
100 1 |a Zoulík, F.